000 00305nam a2200121Ia 4500
008 240624s9999 xx 000 0 und d
041 _aeng
082 _a828 KHA
100 _aKHANNA VIKAS
245 _aTIMELESS LEGACY HIS HOLINESS THE DALAI L
260 _c2015
_aNew Delhi
_bBloomsbury
365 _cRS
_b30
999 _c28098
_d28098